Téma Ako kvalitne učiť bola nosnou na stretnutí doktorandov

Bibliographic Details
Main Authors: Fridmanová, Milena (Author), Kriššák, Miloš, 1981- (Author)
Format: Article
Language:Slovak
Subjects:

MARC

LEADER 00000nab a2200000 a 4500
001 vtls008689171
003 SK-MaSNL
005 20260303212825.0
008 060407c200601 xo r p 000 00slo
015 |a SNBRB2006/04SVKPO 
038 |a SVKPOCL 
040 |a SVKPOCL  |b slo  |c AACR2  |e AACR2 
041 |a slo 
044 |a xo  |c SK 
080 |a 378.245:061.3  |2 2001 
080 |a 378.4  |2 2001 
080 |a 061.3  |2 2001 
100 1 |a Fridmanová, Milena  |4 aut  |9 414312 
245 1 0 |a Téma Ako kvalitne učiť bola nosnou na stretnutí doktorandov  |c Milena Fridmanová, Miloš Kriššák 
610 2 7 |a Asociácia doktorandov Slovenska  |2 svkpocl  |9 1246006 
650 0 7 |a doktorandi  |2 svkpocl  |9 19220 
650 0 7 |a doktorandské vzdelávanie  |2 svkpocl  |9 1089868 
650 0 7 |a workshopy  |2 svkpocl  |9 26475 
700 1 |a Kriššák, Miloš,  |d 1981-  |4 aut  |9 1046618 
773 0 |t Prešovská univerzita  |g Roč. IX, č. 1 (2006), s. 22 
852 |a SVKPO  |b KIS3GCP 
999 |c 2209268  |d 2211198